Villes de France en R (difficile) - Statistiques

Statistiques générales
  • Ce quiz a été pris 61 fois
  • Le résultat moyen est 7 sur 20
Statistiques - réponses
Hint Réponse % Correct
La forêt à laquelle cette ville royale donne son nom est aussi appelée « forêt d'Yveline » Rambouillet
65%
Catherine Deneuve est une des Demoiselles d'un film musical dont l'action se déroule dans cette ville proche de l'océan atlantique Rochefort
65%
Un magnifique village perché sur un rocher, un lieu de pèlerinage et un fromage de chèvre Rocamadour
55%
Cité des ruthénois Rodez
55%
Sous-préfecture sur la Loire, pourtant l'étymologie de son nom la rapproche du Rhône Roanne
53%
Cette cité drômoise a longtemps été la capitale de la chaussure Romans-sur-Isère
51%
Cette cité de la Limagne fut jadis la capitale du duché d'Auvergne Riom
45%
Cité de Bretagne à la frontière entre Morbihan et Loire-Atlantique Redon
44%
A deux pas de la capitale, cette ville cossue fut le théâtre du séjour impérial de Joséphine et de son célèbre château. Rueil-Malmaison
38%
Capitale de la Sologne Romorantin-Lanthenay
36%
Cité savoyarde, entre lacs et montagnes, à deux pas d’Annecy. Rumilly
36%
Le nom de cette sous-préfecture du Limousin évoque aujourd'hui une station de métro de Paris devenue le symbole de la présence maghrébine dans la capitale Rochechouart
27%
Ville vosgienne sur la Moselle au nom quelque peu redondant Remiremont
24%
Sous-préfecture du même département Rethel
24%
Cité champenoise sur la Seine au nom similaire à la précédente Romilly-sur-Seine
22%
Petite ville alsacienne sur la route des vins Ribeauvillé
18%
Les deux communes qui ont formé cette ville ont été transféré de l'Ain au Rhône pour rejoindre l'agglomération dont elle dépend. Rillieux-la-Pape
13%
Porte le nom de la précédente, auquel on ajoute une caractéristique de sa localité entre monts Dore et monts du Cantal Riom-ès-Montagnes
11%
Ville ouvrière et industrielle des Ardennes, encerclée par un méandre de la Meuse Revin
5%
Cité industrielle en bordure de Saint-Etienne et haut lieu de lutte sociale, avant le déclin (La ___) La Ricamarie
4%
Aucun quiz correspondant
Distribution des résultats
% des personnes avec chaque résultat
Percentile par nombre de réponses
Votre historique - résultats
Vous n’avez pas pris ce quiz